Rules of procedure and conduct of business in the council of states (Record no. 515757)

000 -LEADER
fixed length control field 00326nam a22000977a 4500
082 ## - DEWEY DECIMAL CLASSIFICATION NUMBER
Classification number TNC G5x54 In2r
100 ## - MAIN ENTRY--PERSONAL NAME
Personal name Rajya Sabha Secretariat
9 (RLIN) 21574
245 ## - TITLE STATEMENT
Title Rules of procedure and conduct of business in the council of states
Statement of responsibility, etc by Rajya Sabha Secretariat
260 ## - PUBLICATION, DISTRIBUTION, ETC. (IMPRINT)
Place of publication, distribution, etc New Delhi
Name of publisher, distributor, etc Rajya Sabha Secretariat
Date of publication, distribution, etc 1991
300 ## - PHYSICAL DESCRIPTION
Extent 164p.
Holdings
Withdrawn status Lost status Source of classification or shelving scheme Damaged status Koha normalized classification for sorting Not for loan Permanent location Current location Date acquired Full call number Barcode Date last seen Price effective from Koha item type
        TNC_G5X54_IN2R   Indian Institute of Public Administration Indian Institute of Public Administration 2021-02-05 TNC G5x54 In2r GR22817 2021-02-05 2021-02-05 GR

Powered by Koha